[Event "ISR-chT 2018"]
[Site "Israel"]
[Date "2018.01.19"]
[Round "3"]
[White "Gershon, Alik"]
[Black "Grinshpun, Eduard"]
[Result "1-0"]
[WhiteElo "2444"]
[BlackElo "2360"]
[Annotator "TA"]
[PlyCount "63"]
[EventDate "2018.??.??"]
[EventType "team-tourn"]
[EventCountry "ISR"]
[SourceTitle "playchess.com"]
[Source "ChessBase"]
[SourceQuality "1"]

{[%evp 9,63,9,18,14,28,18,18,18,20,15,32,20,27,26,45,26,39,48,38,24,30,0,24,15,42,24,165,20,22,29,55,43,237,203,307,318,444,411,512,554,558,586,583,581,583,499,489,445,1117,1117,1101,1099,1025,1041,29991,29989]} 1. c4 e6 2. g3 d5 3. Bg2 g6 (3... Nf6 4. b3 Be7 5. Bb2 O-O 6. Nf3 c5 7. cxd5 Nxd5 8. O-O Nc6 9. d4 cxd4 10. Nxd4 Bd7 11. Nc3 Nxc3 12. Bxc3 Rc8 13. Nb5 Be8 14. Rc1 a6 15. Qxd8 Nxd8 16. Nd4 Ba3 17. Bb2 Rxc1 18. Bxc1 Bc5 19. Be3 Bxd4 20. Bxd4 {½-½ (32) Svidler,P (2765)-Yu,Y (2751) Riadh 2017}) 4. h4 {[%cal Bh2h4,Bh4h5,Bh5h6][%mdl 32]} Bg7 5. h5 Nc6 $146 ({Predecessor:} 5... Nh6 6. Nf3 Nc6 7. d4 Nf5 8. Bg5 f6 9. Bd2 g5 10. Bc3 h6 11. Nbd2 {0-1 (38) Odeev,H-Janjgava,L Kramatorsk 1989}) 6. Nf3 {A13: English Opening: 1...e6} Nge7 7. Nc3 {[%cal Bb1c3,Bc3e4,Be4g5][%mdl 32]} d4 8. h6 {The position is equal.} Bf8 9. Ne4 {[%cal Re4f6] [#]} f5 10. Neg5 Ng8 11. d3 Qe7 12. a3 Bxh6 13. b4 e5 14. b5 Nd8 15. Qc2 c5 16. bxc6 Nxc6 17. Rb1 Bf8 (17... Nd8 $11) 18. Nh4 (18. Qa4 $18 Qd7 {[#]} 19. Nxh7 $1 {[%mdl 512]}) 18... Qf6 19. Bd5 $36 {[%mdl 2048] Threatens to win with Nf7. White is pushing.} Nge7 20. f4 {[%cal Bf2f4,Bf4e5][%mdl 32]} Nxd5 $2 ({Better is} 20... h6 $14 21. Ngf3 exf4 22. gxf4 Qd6) 21. cxd5 $18 Nd8 (21... Ne7 $142) 22. Nhf3 h6 23. fxe5 Qg7 24. e6 Bd6 25. Qa4+ Kf8 26. Bf4 Bxf4 27. Qb4+ Ke8 28. Qb5+ ({Not} 28. gxf4 hxg5 29. Rxh8+ Qxh8 $16) 28... Ke7 (28... Kf8 $142) 29. gxf4 hxg5 30. Rxh8 Qxh8 31. Rc1 {White wants to mate with Rc7+.} b6 32. Rxc8 {Precision: White = 69%, Black = 34%.} 1-0

[Event "ISR-chT 2018"]
[Site "Israel"]
[Date "2018.01.19"]
[Round "3"]
[White "Iakymov, Volodymyr"]
[Black "Rechlis, Gad"]
[Result "0-1"]
[WhiteElo "2442"]
[BlackElo "2525"]
[Annotator "TA"]
[PlyCount "82"]
[EventDate "2018.??.??"]
[EventType "team-tourn"]
[EventCountry "ISR"]
[SourceTitle "playchess.com"]
[Source "ChessBase"]
[SourceQuality "1"]

{[%evp 10,82,29,8,1,-23,-14,-25,-33,-28,-28,-31,-37,-42,0,-31,-42,-51,-55,-47,-48,-49,-49,-61,-35,-45,-60,-67,-65,-69,-65,-70,-63,-94,-88,-116,-111,-123,-121,-119,-105,-104,-109,-102,-114,-113,-97,-125,-107,-114,0,-4,28,-64,-54,-65,-56,-163,-171,-154,-156,-229,-229,-225,-196,-203,-144,-511,-480,-450,-270,-743,-706,-762,-739]} 1. e4 c5 2. c3 e6 3. d4 d5 4. e5 Bd7 5. Nf3 Qb6 6. Qb3 Nc6 {C02: French: Advance Variation} 7. Be3 (7. Qxb6 {feels hotter.} axb6 8. Na3 c4 9. Nc2 f6 10. Be2) 7... Nh6 8. dxc5 Bxc5 {Black has an edge.} 9. Qxb6 axb6 $146 ({Predecessor:} 9... Bxb6 10. Bxb6 axb6 11. h3 Ke7 12. Na3 f6 13. exf6+ gxf6 14. O-O-O {0-1 (39) Lupu,M (2505)-Legky,N (2480) Besancon 1998}) 10. Bxh6 gxh6 11. Bd3 b5 12. Nbd2 b4 13. O-O bxc3 14. bxc3 Ra3 15. Nb1 Ra7 16. Nbd2 Ke7 17. Rab1 b6 18. Rb2 Rha8 19. Bb1 h5 20. Re1 h6 21. h3 Ra3 22. Rb3 R3a4 23. Rb2 Na5 24. Nb3 Rc4 25. Nxc5 bxc5 26. Rc1 Ra4 27. Nd2 h4 28. Bc2 Ra3 29. Bb1 Kd8 (29... Bc6 $17) 30. c4 $1 $11 {[%cal Rc4d5]} Rc8 31. Rb6 (31. cxd5 $11 exd5 32. Rb6) 31... Kc7 $15 32. Rb2 {Threatens to win with cxd5.} d4 $36 {[%mdl 2048] Black is pushing.} 33. Be4 {[#]} ({White should try} 33. Ne4 $15) 33... Rb8 $1 $19 {[%cal Rb8b2]} 34. Rxb8 Kxb8 35. Rb1+ (35. Bf3 $17) 35... Kc7 36. Nb3 Nxb3 ({Much less strong is} 36... Nxc4 37. Nxc5 Bc6 38. Rb4 $17) 37. axb3 Bc6 38. Bxc6 $2 {[%mdl 8192] [#]} (38. Bc2 $17 {nothing else works.}) 38... Kxc6 39. Kf1 Ra2 40. Rd1 $2 (40. Ke1) 40... Kb6 41. Rd3 Ka5 {Precision: White = 39%, Black = 80%.} 0-1

[Event "ISR-chT 2018"]
[Site "Israel"]
[Date "2018.01.19"]
[Round "3"]
[White "Liss, Eran"]
[Black "Finkel, Alexander"]
[Result "0-1"]
[WhiteElo "2437"]
[BlackElo "2489"]
[Annotator "TA"]
[PlyCount "156"]
[EventDate "2018.??.??"]
[EventType "team-tourn"]
[EventCountry "ISR"]
[SourceTitle "playchess.com"]
[Source "ChessBase"]
[SourceQuality "1"]

{[%evp 13,156,17,53,34,63,16,14,17,29,0,0,-13,0,-179,-170,-172,-177,-168,-173,-178,-188,-188,-171,-189,-170,-174,-173,-178,-170,-181,-175,-227,-209,-228,-225,-245,-195,-222,-212,-210,-218,-211,-114,-125,-110,-126,-127,-156,-146,-155,-92,-193,-189,-185,-193,-189,-204,-196,-219,-209,-199,-250,-210,-219,-126,-224,-216,-205,-74,-71,-86,-152,-115,-181,-143,-162,-162,-161,-128,-173,-162,-176,-136,-208,-187,-194,-184,-183,-177,-177,-159,-170,-196,-259,-209,-220,-212,-438,-438,-525,-359,-485,-471,-720,-659,-643,-504,-519,0,-640,-561,-904,-860,-755,-831,-692,-607,-1860,-1993,-5672,-5708,-2616,-1997,-1965,-1828,-3689,-1162,-1111,-635,-4070,-1671,-2274,-1814,-1651,-798,-1725,-1622,-29981,-29982,-29981,-29977,-29976,-29977,-29986,-29987]} 1. e4 g6 2. d4 Bg7 3. Nc3 c6 4. Bc4 d6 5. Qf3 e6 6. Nge2 Nd7 {[%cal Bb8d7,Bd7e5,Be5g4,Bg4f2][%mdl 32]} 7. a4 Qe7 {LiveBook: 15 Games. B06: Modern Defence} 8. Qg3 e5 9. dxe5 Nxe5 {The position is equal.} 10. Ba2 Nf6 11. Bg5 $146 ({Find the theoretical novelty and annotate with similar games:} 11. O-O O-O 12. Re1 Nh5 13. Qg5 Qc7 14. Qd2 Be6 15. Nd4 Bxa2 16. Rxa2 {0-1 (31) Gerigk,E (2335)-Appel,R (2551) Germany 2010}) 11... h6 12. Bxf6 Bxf6 13. O-O-O $2 (13. O-O $11 {and White has nothing to worry.}) 13... Bh4 $1 $36 {[%cal Rh4g3][%mdl 2048] Black is really pushing.} 14. Qe3 Ng4 $1 {[%csl LRe3,LRf2][%cal Rg4e3]} 15. Qd4 Bf6 16. Qxd6 Nxf2 17. Rhf1 Nxd1 18. Qxf6 Qxf6 19. Rxf6 Nxc3 20. Nxc3 Rf8 21. e5 Bf5 22. b4 (22. a5 $142) 22... Ke7 23. b5 Rac8 24. Kb2 Rc7 25. h3 h5 26. Bb3 Kd8 27. a5 a6 (27... Re7 $19 28. bxc6 bxc6 29. Rxc6 Rxe5) 28. bxa6 bxa6 29. Ne2 Be4 30. Nf4 Ke7 31. g4 h4 ({Better is} 31... hxg4 32. hxg4 Rb7) 32. Kc3 (32. g5 $17) 32... g5 $1 {[%cal Rg5f4]} 33. Nh5 Bg2 34. Ng7 Bxh3 35. Nf5+ Kd8 36. Ne3 Re7 37. e6 (37. Rf3 $142) 37... Rh8 38. Rf2 Kc7 (38... fxe6 $19 39. Rh2 Bxg4 $1 {[%mdl 512]} 40. Nxg4 Rf8) 39. Rh2 {[#]} (39. Nf5 $17 {was worth a try.} Rxe6 40. Bxe6) 39... Bxg4 $1 40. Nxg4 f5 (40... fxe6 $19 {is more deadly. aiming for ...Rf7.} 41. Ne5 Rf8) 41. Ne3 $17 {[#]} Rf8 $1 42. Bc4 ({White should try} 42. Kd4) 42... Kd6 43. Kd2 (43. Rd2+ $17 {was necessary.} Kc7 44. Rf2) 43... Rh7 44. Bd3 Kxe6 45. Re2 Rhf7 46. Nxf5+ Kd7 47. Ne3 Rf4 48. Rg2 (48. Bxa6 $17 Ra8 49. Bd3 Rxa5 50. Rh2) 48... Rf2+ $19 49. Rxf2 Rxf2+ 50. Ke1 Rf4 51. Bxa6 Ra4 52. Bd3 Rxa5 53. Kf2 (53. Nc4 $142 Ra1+ 54. Kf2) 53... Ke6 54. Kf3 Ra4 55. Bf5+ $2 (55. Be4) 55... Ke5 {Hoping for ...Rf4+.} 56. Bd7 Rf4+ 57. Ke2 c5 58. Bc8 (58. Bg4 $142 Rf7 59. Bh5) 58... Rf8 59. Bh3 Kd4 60. Nf5+ Ke5 61. Ne3 Ke4 62. Bd7 Rd8 63. Ng4 Kf4 ({Stronger than} 63... Rxd7 64. Nf6+ Ke5 65. Nxd7+ Kd4 66. Kf3 $11) 64. Nf6 Rh8 65. Kf2 h3 66. Kg1 Rh6 67. Nd5+ Kg3 68. Ne3 Kf3 69. Nf1 Rh7 (69... Kf4 $142 70. Bb5 Rb6) 70. Bf5 Rh8 71. Kh2 g4 (71... Kf4 $142 72. Ng3 g4) 72. Ng3 Rd8 {( -> ...Rd2+)} 73. Bd3 Re8 (73... Kf4 $142 74. Nf1 Rd6) 74. Nf1 Re1 75. Nd2+ Kf4 {Black mates.} 76. Nf1 Rd1 77. Be2 Rc1 78. Bd3 c4 {Precision: White = 34%, Black = 67%.} 0-1

[Event "ISR-chT 2018"]
[Site "Israel"]
[Date "2018.01.19"]
[Round "3"]
[White "Bykhovsky, Avigdor"]
[Black "Erenberg, Ariel"]
[Result "1/2-1/2"]
[WhiteElo "2423"]
[BlackElo "2382"]
[Annotator "TA"]
[PlyCount "46"]
[EventDate "2018.??.??"]
[EventType "team-tourn"]
[EventCountry "ISR"]
[SourceTitle "playchess.com"]
[Source "ChessBase"]
[SourceQuality "1"]

{[%evp 19,46,-16,21,4,26,0,0,0,72,35,20,14,14,0,0,0,3,0,0,0,0,-26,0,0,0,0,0,-10,-6]} 1. Nf3 Nf6 2. c4 e6 3. g3 d5 4. Bg2 dxc4 5. Qa4+ c6 6. Qxc4 b5 {A13: English Opening: 1...e6} 7. Qb3 Bb7 8. O-O Nbd7 9. d4 a6 10. a4 Be7 {LiveBook: 15 Games} 11. Rd1 O-O 12. Bg5 Qb6 13. Nc3 b4 {[#]} (13... Rfd8 $11) 14. Ne4 $146 (14. a5 $5 {[%cal Ra5b6]} Qc7 15. Ne4 $11) ({Predecessor:} 14. a5) 14... c5 15. Nxf6+ Nxf6 16. Ne5 Bxg2 17. Kxg2 cxd4 18. Qf3 Qd6 19. Bf4 {aiming for Ng6!} Nd5 {[#] White must now prevent ...g5.} 20. Nc4 Nxf4+ 21. gxf4 {The position is equal.} Qd8 22. Ne5 Bf6 23. Qe4 Bxe5 {Precision: White = 24%, Black = 52%.} 1/2-1/2

[Event "ISR-chT 2018"]
[Site "Israel"]
[Date "2018.01.19"]
[Round "3"]
[White "Haimovich, Tal"]
[Black "Galburd, Yan"]
[Result "1-0"]
[WhiteElo "2401"]
[BlackElo "2344"]
[Annotator "NA"]
[PlyCount "145"]
[EventDate "2018.??.??"]
[EventType "team-tourn"]
[EventCountry "ISR"]
[SourceTitle "playchess.com"]
[Source "ChessBase"]
[SourceQuality "1"]
[TimeControl "40/5400+30:1800+30"]

1. e4 {[%emt 0:00:00]} e5 {[%emt 0:01:32]} 2. Nf3 {[%emt 0:02:09]} Nf6 {[%emt 0:01:10]} 3. Nc3 {[%emt 0:02:20]} Nc6 {[%emt 0:00:45]} 4. Bb5 {[%emt 0:00:05]} Bc5 {[%emt 0:01:40]} 5. O-O {[%emt 0:01:49]} O-O {[%emt 0:00:58]} 6. Bxc6 {[%emt 0:12:46]} dxc6 {[%emt 0:02:01]} 7. Nxe5 {[%emt 0:08:05] C48: Four Knights: 4 Bb5, replies other than 4...Bb4} Re8 {[%emt 0:04:59]} 8. Nf3 {[%emt 0:11:25]} Nxe4 {[%emt 0:00:49]} 9. Nxe4 {[%emt 0:01:56]} Rxe4 {[%emt 0:00:04]} 10. d3 {[%emt 0:03:53]} Re8 {[%emt 0:02:00]} 11. Ng5 $146 {[%emt 0:03:17]} ({Find the theoretical novelty and annotate with similar games:} 11. d4 Bf8 12. h3 Be6 13. Bf4 Bd5 14. Ne5 f6 {1-0 (45) Risting,E (2335)-Holm,K (2433) Kristiansund 2017}) 11... Qd5 {[%emt 0:13:03]} 12. Ne4 {[%emt 0:02:34]} Bb6 {[%emt 0:05:02]} 13. Bf4 {[%emt 0:03:44]} Bf5 {[%emt 0:12:48]} 14. Nc3 {[%emt 0:02:10]} Qd7 {[%emt 0:02:17]} 15. Qf3 {[%emt 0:00:18]} Re6 {[%emt 0:06:02]} 16. Be3 {[%emt 0:14:40]} Rg6 {[%emt 0:00:46]} 17. Rfe1 {[%emt 0:11:20]} Bh3 {[%emt 0:10:32]} 18. g3 {[%emt 0:00:09]} Rf6 {[%emt 0:00:47]} 19. Qe4 {[%emt 0:06:25]} Be6 {[%emt 0:06:37]} 20. a4 {[%emt 0:01:49]} Rf5 {[%emt 0:05:06]} 21. b4 {[%emt 0:02:18]} a5 {[%emt 0:01:32]} 22. b5 {[%emt 0:00:53]} h6 {[%emt 0:02:51]} 23. Rab1 {[%emt 0:01:19]} Bc5 {[%emt 0:08:47]} 24. g4 {[%emt 0:01:12]} Rg5 {[%emt 0:01:26]} 25. Bxg5 {[%emt 0:00:09]} hxg5 {[%emt 0:00:11]} 26. bxc6 {[%emt 0:00:32]} bxc6 {[%emt 0:00:11]} 27. h3 {[%emt 0:00:46]} Rd8 {[%emt 0:04:04]} 28. Ne2 {[%emt 0:02:48]} Qd6 {[%emt 0:03:20]} 29. d4 {[%emt 0:00:36]} Bb6 {[%emt 0:00:44]} 30. c3 {[%emt 0:01:15]} c5 {[%emt 0:00:48]} 31. Qe5 {[%emt 0:00:32]} Qxe5 {[%emt 0:02:22]} 32. dxe5 {[%emt 0:00:02]} Rd2 {[%emt 0:00:20]} 33. Ng3 {[%emt 0:00:18]} Ra2 {[%emt 0:00:47]} 34. Ra1 {[%emt 0:00:19]} Rc2 {[%emt 0:00:18]} 35. Rec1 {[%emt 0:01:20]} Rb2 {[%emt 0:00:20]} 36. Re1 {[%emt 0:01:47]} c4 {[%emt 0:00:42]} 37. Re2 {[%emt 0:00:20]} Rb3 {[%emt 0:00:12]} 38. Rc1 {[%emt 0:00:54]} Ra3 {[%emt 0:00:40]} 39. Ne4 {[%emt 0:00:16]} Rxa4 {[%emt 0:00:33]} 40. Nxg5 {[%emt 0:00:21]} Ra3 {[%emt 0:30:48]} 41. Rd2 {[%emt 0:03:52]} Kf8 {[%emt 0:00:00]} 42. Rd8+ {[%emt 0:08:28]} Ke7 {[%emt 0:00:00]} 43. Rcd1 {[%emt 0:00:31]} f6 {[%emt 0:00:00]} 44. exf6+ {[%emt 0:01:54]} Kxf6 {[%emt 0:00:00]} 45. Nxe6 {[%emt 0:04:31]} Kxe6 {[%emt 0:00:00]} 46. Re1+ {[%emt 0:01:17]} Kf7 {[%emt 0:00:00]} 47. Rd7+ {[%emt 0:00:23]} Kf6 {[%emt 0:00:00]} 48. g5+ {[%emt 0:02:17]} Kg6 {[%emt 0:00:00]} 49. Ree7 {[%emt 0:02:26]} Rxc3 $18 {[%emt 0:00:00]} (49... Kxg5 {keeps fighting.} 50. Rxg7+ Kf5) 50. Rxg7+ {[%emt 0:00:26]} Kf5 {[%emt 0:00:00]} 51. Rdf7+ {[%emt 0:02:06]} Ke5 {[%emt 0:00:00]} 52. Kg2 {[%emt 0:01:21]} Rd3 {[%emt 0:00:00]} 53. Rf3 {[%emt 0:03:54]} Rd8 {[%emt 0:00:00]} 54. g6 {[%emt 0:00:23]} c3 {[%emt 0:01:10]} 55. Rxc3 {[%emt 0:00:30]} Kf6 {[%emt 0:00:12]} 56. Rf7+ {[%emt 0:00:16]} Kxg6 {[%emt 0:00:05]} 57. Rf4 {[%emt 0:00:09]} Kg5 {[%emt 0:01:50]} 58. Rcf3 {[%emt 0:00:27]} Kh6 {[%emt 0:01:30]} 59. Rg3 {[%emt 0:00:59]} Kh5 {[%emt 0:00:35]} 60. h4 {[%emt 0:00:57]} Kh6 {[%emt 0:00:53]} 61. Kh3 {[%emt 0:00:56]} Bd4 {[%emt 0:02:07]} 62. Ra3 {[%emt 0:01:19]} Bb6 {[%emt 0:01:13]} 63. Rc3 {[%emt 0:00:39]} Rd2 {[%emt 0:00:35]} 64. Rc6+ {[%emt 0:00:48]} Kh7 {[%emt 0:00:24]} 65. f3 {[%emt 0:01:00]} Ra2 {[%emt 0:01:00]} 66. h5 {[%emt 0:01:09]} a4 {[%emt 0:00:44]} 67. h6 {[%emt 0:00:38]} Ra1 {[%emt 0:00:15]} 68. Kh2 {[%emt 0:00:51]} Bg1+ {[%emt 0:01:25]} 69. Kg2 {[%emt 0:00:11]} Be3 {[%emt 0:00:31]} 70. Rf7+ {[%emt 0:00:22]} Kh8 {[%emt 0:00:26]} 71. Rcxc7 {[%emt 0:00:32]} Rg1+ {[%emt 0:00:36]} 72. Kh2 {[%emt 0:00:11]} Bxh6 {[%emt 0:00:21]} 73. Kxg1 {[%emt 0:00:16]} 1-0

[Event "ISR-chT 2018"]
[Site "Israel"]
[Date "2018.01.19"]
[Round "3"]
[White "Shachar, Ehud"]
[Black "Parkhov, Yair"]
[Result "0-1"]
[WhiteElo "2401"]
[BlackElo "2372"]
[Annotator "NA"]
[PlyCount "70"]
[EventDate "2018.??.??"]
[EventType "team-tourn"]
[EventCountry "ISR"]
[SourceTitle "playchess.com"]
[Source "ChessBase"]
[SourceQuality "1"]
[TimeControl "40/5400+30:1800+30"]

1. e4 e6 2. d4 d5 3. Nc3 Bb4 4. e5 Ne7 5. a3 Bxc3+ 6. bxc3 c5 7. Qg4 Ng6 8. h4 h5 9. Qd1 Qc7 10. Nf3 b6 11. a4 Ba6 12. a5 Bxf1 13. Kxf1 Qc6 14. Rh3 $11 Nd7 15. Ng5 Ne7 16. axb6 axb6 17. Rxa8+ Qxa8 18. dxc5 Qa6+ 19. Kg1 Nxe5 20. cxb6 Qxb6 21. c4 Ng4 22. Be3 Qc7 23. Qd4 O-O 24. Qd3 Nf5 25. cxd5 Ra8 26. Kf1 Ra1+ 27. Ke2 Qa5 28. Bd2 Qb6 29. Be1 Nd4+ 30. Kf1 Qb1 31. Qc3 Qb5+ 32. Rd3 Nh2+ 33. Kg1 Ne2+ 34. Kxh2 Nxc3 35. Rxc3 Qb8+ 0-1

[Event "ISR-chT 2018"]
[Site "Israel"]
[Date "2018.01.19"]
[Round "3"]
[White "Ben Artzi, Ido"]
[Black "Kaspi, Alexander"]
[Result "1/2-1/2"]
[WhiteElo "2390"]
[BlackElo "2460"]
[Annotator "TA"]
[PlyCount "83"]
[EventDate "2018.??.??"]
[EventType "team-tourn"]
[EventCountry "ISR"]
[SourceTitle "playchess.com"]
[Source "ChessBase"]
[SourceQuality "1"]

{[%evp 9,83,8,23,15,22,27,15,0,2,5,23,-8,-6,-12,16,20,31,20,29,0,39,19,26,22,36,20,39,28,35,15,32,0,0,0,0,-81,-81,-73,-81,-77,-102,-73,0,0,-8,-21,0,-68,0,0,0,0,0,0,0,0,0,0,138,0,0,0,271,15,88,0,0,0,0,0,0,0,0,0,0,0]} 1. d4 d5 2. c4 e6 3. Nc3 a6 4. e3 Nf6 5. Nf3 Be7 (5... dxc4 6. Bxc4 c5 7. O-O b5 8. Be2 Bb7 9. dxc5 Qxd1 10. Rxd1 Nc6 11. b3 Bxc5 12. Bb2 O-O 13. Nd2 Be7 14. Bf3 Rfd8 15. Nde4 Nxe4 16. Nxe4 f5 17. Ng3 Na5 18. Ne2 Bxf3 19. gxf3 Kf7 20. f4 Rxd1+ 21. Rxd1 {1-0 (46) Andreikin,D (2712)-Yu,Y (2751) Huaian 2017}) 6. b3 {D31: Queen's Gambit Declined: Semi-Slav without ...Nf6 (+ Marshall Gambit and Noteboom) and Exchange Variation lines without ...Nf6} b6 7. cxd5 exd5 8. Ne5 $146 ({Predecessor:} 8. Bd3 Bb7 9. O-O Ne4 10. Qc2 f5 11. Bb2 Nd7 12. Ne2 O-O {1-0 (35) Villard,F-Richter,E Munich 1936}) 8... O-O 9. Bd3 Bb7 10. Qc2 c5 11. O-O Nc6 12. Nxc6 Bxc6 13. dxc5 bxc5 14. Bb2 h6 15. Rfd1 Bd6 16. Be2 Qe7 17. Bf3 {[%cal Rc3d5]} Rfd8 18. g3 {[%cal Rc3d5]} Be5 19. Rac1 Rac8 {Threatening ...d4.} 20. Ba3 d4 21. Bxc6 Rxc6 22. exd4 (22. Ne4 $11 {keeps the balance.}) 22... Bxd4 $17 23. Re1 Re6 24. Rxe6 Qxe6 25. Ne2 {[#]} Bxf2+ $1 {[%mdl 512]} 26. Kxf2 $11 Ng4+ {[%cal Bf6g4,Bg4h2,Bh2f3][%mdl 32]} 27. Ke1 Nxh2 28. Qxc5 (28. Bxc5 $11 Qh3 29. Kf2) 28... Nf3+ (28... Qe4 $15 29. Qc6 Qf5) 29. Kf2 Ne5 30. Nf4 $1 {[%cal Rf4e6]} Qf5 31. Kg1 Qe4 {Hoping for ...Rd2.} 32. Bb4 Nf3+ 33. Kf2 {And now Qb6 would win.} Nh2 (33... Ne5 $1 $11 {remains equal.}) 34. Kg1 (34. Qc3 $1 $16) 34... Nf3+ 35. Kf2 {Strongly threatening Qb6.} Nd4 $2 {[%mdl 8192] [#]} (35... Nh2 $11 {and Black has nothing to worry.}) 36. Rc3 $2 (36. Qc3 $1 $18) 36... Ne6 {[#]} (36... Re8 $11) 37. Qe3 (37. Nxe6 $2 {gets mated.} Rd2+ 38. Kf1 Qg2+ 39. Ke1 Qe2#) (37. Qc4 $1 $16 {[%cal Rc4e4]} Ng5 38. Re3) 37... Qxb4 {The position is equal.} 38. Nxe6 fxe6 39. Qxe6+ Kh8 40. Rc2 a5 41. Kg2 Qb7+ 42. Kh2 {Precision: White = 54%, Black = 44%.} 1/2-1/2

[Event "ISR-chT 2018"]
[Site "Israel"]
[Date "2018.01.19"]
[Round "3"]
[White "Veinberg, Nimrod"]
[Black "Caspi, Israel"]
[Result "0-1"]
[WhiteElo "2370"]
[BlackElo "2461"]
[Annotator "TA"]
[PlyCount "58"]
[EventDate "2018.??.??"]
[EventType "team-tourn"]
[EventCountry "ISR"]
[SourceTitle "playchess.com"]
[Source "ChessBase"]
[SourceQuality "1"]

{[%evp 9,58,36,44,43,39,43,54,57,70,45,95,94,108,89,100,0,1,0,0,4,1,0,9,-11,0,-36,-22,-20,-23,-33,-20,-113,-92,-98,-27,-88,-77,-77,-69,-106,-93,-100,-100,-128,-112,-111,-66,-869,-872,-844,-837]} 1. d4 f5 2. Bf4 Nf6 3. e3 e6 4. Be2 d6 (4... b6 5. Bf3 d5 6. c4 c6 7. Nc3 Bd6 8. Nge2 O-O 9. O-O Ba6 10. cxd5 cxd5 11. Re1 Nc6 {1-0 (45) Morozevich,A (2683)-Kamsky,G (2637) Sochi 2016}) 5. c4 {[%cal Bc2c4,Bc4c5][%mdl 32]} Be7 6. Nc3 {A80: Holländische Verteidigung} O-O 7. Bg3 $146 ({Vorgänger:} 7. Qc2 Nc6 8. O-O-O Qe8 9. Nf3 a6 10. h3 b5 11. g4 b4 {0-1 (19) Matveeva,S (2430)-Dumitrache,D (2530) Cappelle-la-Grande 1995}) 7... Nbd7 8. Nh3 {Weiß steht etwas besser.} Re8 9. O-O e5 10. c5 h6 11. Bc4+ Kh8 12. Be6 (12. Bf7 $16) 12... f4 $1 $11 {[%cal Rf4g3]} 13. exf4 exd4 14. Qxd4 Nxc5 15. Bxc8 Qxc8 16. b4 Na6 17. Rfe1 Qf5 18. Bh4 c6 19. Re2 Bf8 20. Rae1 {[#]} (20. Bxf6 $11 Qxf6 21. Qxf6 gxf6 22. b5) 20... Rxe2 $1 $17 21. Rxe2 Nc7 (21... Nd5 $17 {zielt auf ...Dh5 ab.} 22. f3 Naxb4 23. Nxd5 Nxd5) 22. f3 (22. Bxf6 $11 {hält das Gleichgewicht.} Qxf6 23. Qxf6 gxf6 24. b5) 22... a5 23. bxa5 Rxa5 24. Bf2 Nb5 25. Nxb5 Rxb5 26. Rb2 Rd5 $36 {[%mdl 2048] Schwarz hat starke Initiative.} 27. Qa4 Qd3 {[#] Und weiter mit ...Dd1+ wäre nett.} 28. Bh4 $2 {[%mdl 8192]} (28. Be1 $15) 28... Qe3+ $19 29. Kf1 Qc1+ {Precision: Weiß = 37%, Schwarz = 57%.} 0-1

[Event "ISR-chT 2018"]
[Site "Israel"]
[Date "2018.01.19"]
[Round "3"]
[White "Mikhail, Botvinnik"]
[Black "Shohat, Yotam"]
[Result "1-0"]
[WhiteElo "2368"]
[BlackElo "2204"]
[Annotator "NA"]
[PlyCount "108"]
[EventDate "2018.??.??"]
[EventType "team-tourn"]
[EventCountry "ISR"]
[SourceTitle "playchess.com"]
[Source "ChessBase"]
[SourceQuality "1"]
[TimeControl "40/5400+30:1800+30"]

1. d4 Nf6 2. c4 c5 3. Nf3 cxd4 4. Nxd4 Nc6 5. Nc3 g6 6. g3 Bg7 7. Bg2 O-O 8. O-O d6 9. b3 Nxd4 10. Qxd4 Be6 11. Bb2 {LiveBook: 7 Games} Qa5 {A39: Symmetrical English vs ...g6: 4 Bg2 Bg7 5 Nf3 Nf6 6 0-0 0-0 7 d4} 12. Rac1 Rab8 13. Qd2 Rfc8 14. Rfd1 a6 15. Nd5 $146 ({Predecessor:} 15. Na4 Qxd2 16. Rxd2 b5 17. cxb5 Rxc1+ 18. Bxc1 axb5 19. Nc3 {0-1 (60) Altounian,L (2454)-Hess,R (2590) Saint Louis 2010}) 15... Qxd2 16. Rxd2 Bxd5 17. cxd5 Nd7 18. Rxc8+ Rxc8 19. Ba3 Kf8 20. e3 $11 Ke8 21. Kf1 b5 22. Ke2 a5 23. b4 a4 24. Kd1 Nb6 25. Bf1 Nc4 26. Rc2 Kd8 27. Bc1 Rc7 28. Bd2 e6 29. e4 exd5 30. exd5 Kc8 31. Bxc4 bxc4 32. Bc3 Bxc3 33. Rxc3 Kb7 34. Re3 Ka6 35. Kc2 Kb5 36. Kc3 a3 37. Re8 Rb7 38. Ra8 Re7 39. Rxa3 Re2 40. Ra5+ Kb6 41. Kxc4 Rxf2 42. Ra8 Rxh2 43. a4 Rc2+ 44. Kd3 Rg2 45. a5+ Kb5 46. Rb8+ Ka6 47. Rb6+ Ka7 48. Rxd6 h5 49. Kc4 Rxg3 50. Rf6 h4 51. Rxf7+ Kb8 52. d6 h3 53. Rf8+ Kb7 54. d7 Rg4+ 1-0